• 首页
  • 本馆介绍
  • 公告通知
  • 最新文献
  • 馆藏检索
  • 电子资源
  • 读者导购
  • 参考咨询
  • 我的图书馆
  • 登录
  • 详细信息显示
  • 放入我的书架
  • 预约/预借图书
  • 作者相关作品
  • 分类相关作品
  • 丛书相关作品
  • 出版社相关作品

书目信息

  • 表格格式
  • 工作单格式
  • 卡片格式
题名:
魏晋玄学史
    
 
作者: 余敦康 著
分册:  
出版信息: 北京   北京大学出版社  2004
页数: 15,480页
开本: 23cm
丛书名: 博雅思想史丛书
单 册:
中图分类: B235.05
科图分类:
主题词: 玄学--思想史--研究 , 玄学 , 思想史
电子资源:
ISBN: 7-301-05638-9
000 00845oam2 2200277 450
001 012007806397
005 20070522170335.68
010    @a7-301-05638-9@dCNY37.00
100    @a20070514d2004 km y0chiy0120 ea
101 0  @achi
102    @aCN@b110000
105    @ay z 000yy
106    @ar
200 1  @a魏晋玄学史@Awei jin xuan xue shi@f余敦康著@Fyu dun kang zhu
210    @a北京@c北京大学出版社@d2004
215    @a15,480页@d23cm
225 2  @a博雅思想史丛书
330    @a本书共分共分四部分,介绍了正始玄学:何晏、王弼的贵无论玄学;竹林玄学:阮籍、嵇康的自然论玄学;东晋佛玄合流思潮等内容。
461  0 @12001 @a博雅思想史丛书
606 0  @a玄学@x思想史@x研究
606 0  @a玄学
606 0  @a思想史
690    @aB235.05@v4
701  0 @a余敦康@Ayu dun kang@f(1930~)@4著
801  0 @aCN@bRULIN@c20070522
905    @dB235.05@e6@s8
    
    魏晋玄学史/余敦康著.-北京:北京大学出版社,2004
    15,480页;23cm.-(博雅思想史丛书)
    
    
    ISBN 7-301-05638-9:CNY37.00
    本书共分共分四部分,介绍了正始玄学:何晏、王弼的贵无论玄学;竹林玄学:阮籍、嵇康的自然论玄学;东晋佛玄合流思潮等内容。
●
相关链接 在E读中查询图书 在五车中查询图书 在当当中查询图书 在豆瓣中查询图书


正题名:魏晋玄学史     索取号:B235.05/6         预约/预借

序号 登录号 条形码 馆藏地/架位号 状态 备注
1 0575533   205755333   第一样本阅览室/ [索取号:B235.05/6] 在馆    
2 0575534   205755342   第一借阅区/ [索取号:B235.05/6] 在馆    
3 0575535   205755351   第一借阅区/ [索取号:B235.05/6] 在馆    
4 0575536   205755360   第一借阅区/ [索取号:B235.05/6] 在馆    
5 0575537   205755379   第一借阅区/ [索取号:B235.05/6] 在馆    
6 0575538   205755388   第一借阅区/ [索取号:B235.05/6] 在馆    
7 0575539   205755397   第一借阅区/ [索取号:B235.05/6] 在馆    
8 0575540   205755404   第一借阅区/ [索取号:B235.05/6] 在馆    
唐山师范学院图书馆 欢迎您!
大连网信软件有限公司© 版权所有